00890nam a22002177a 450000500170000001000130001702000260003002000230005603500130007903700270009208200130011910000230013224501020015526000480025727000690030530000270037450000500040194200270045199900170047895201770049520140321125510.0 aB-500346 a9788180698705c850.00 a818069870xc850.00 aB-500346 adplbMallika Books/Ven a863.1092 aRay, Partha Pratim aTagore in Print:ba comparative study before and after expiry of copyright/cby Partha Pratim Ray aNew DelhibConcept Publishing Companyc2012 aA/15-16, Commercial lock, ohan GardenbNew Delhie110059 (India) a240p.:bill.c21cm(Hb) aincludues Appendices,Index and Bibliography  2ddccENh863.1092mRAY c83120d83120 001040708NFICaLbLd2014-03-21eMallika Books/99/15.03.2013/174/08.03.2013/18.03.2013g850.00l0o863.1092 RAYpB-500346r2014-03-21 00:00:00t1v850.00w2014-03-21yEN